Country Capital Minefield: North America Quiz Stats

 Plays Quiz Updated Jan 29, 2017

Support Sporcle.
Go Orange.
Score 0/11 Timer 01:00
0 Plays Today
% Correct
???
69.1%
???
60.2%
???
59.1%
???
56.5%
???
53.3%
???
49.2%
???
46.7%
???
34.6%
???
26.2%
???
25.8%
???
25.5%

You're not logged in!

Compare scores with friends on all Sporcle quizzes.
OR
Log In
Forgot?

From the Vault

NASCAR Points Race Winners (2000s)

by thatsagoodjob

Tell your brain to start its engine.
Remove Ads.
Support Sporcle.
Get the best of Sporcle when you Go Orange. This ad-free experience offers more features, more stats, and more fun while also helping to support Sporcle. Thank you for becoming a member.

Show Comments

Extras

Top Quizzes Today


Score Distribution

Your Account Isn't Verified!

In order to create a playlist on Sporcle, you need to verify the email address you used during registration. Go to your Sporcle Settings to finish the process.

Report this User

Report this user for behavior that violates our Community Guidelines.

Details: